[Event "Trois-Rivieres op"]
[Site "Trois-Rivieres CAN"]
[Date "2018.03.17"]
[Round "2.12"]
[White "Latreche, Sabrina"]
[Black "Soudre, Nicolas"]
[Result "1-0"]
[WhiteElo "2004"]
[BlackElo "2258"]
[PlyCount "105"]
[EventDate "2018.03.16"]
[EventType "swiss"]
[EventRounds "5"]
[EventCountry "CAN"]

1. e4 e6 2. Qe2 c5 3. b3 Nc6 4. Bb2 e5 5. g3 d6 6. Bg2 Be7 7. f4 Nf6 8. fxe5
dxe5 9. Nf3 Bg4 10. h3 Bxf3 11. Bxf3 O-O 12. Na3 Nd4 13. Qf2 Qc7 14. O-O b5 15.
d3 a6 16. c3 Ne6 17. c4 Rfd8 18. Rfd1 Nd4 19. Nc2 bxc4 20. bxc4 Rab8 21. Bc3
Qd7 22. Bg2 Qa4 23. Ne3 Qa3 24. Rac1 Bf8 25. Nd5 Nxd5 26. exd5 f6 27. Be4 Rb6
28. Bxd4 cxd4 29. Rc2 Rdb8 30. Rdd2 g6 31. Kh2 Bh6 32. Re2 Be3 33. Qf1 f5 34.
Bxf5 Rf8 35. c5 Rbf6 36. Be6+ Rxe6 37. Qxf8+ Kxf8 38. dxe6 Qa5 39. c6 Qc7 40.
Re1 Ke7 41. Rb1 Kxe6 42. Rb7 Qc8 43. c7 Qxb7 44. c8=Q+ Qxc8 45. Rxc8 Kd7 46.
Rb8 e4 47. dxe4 d3 48. Rb3 d2 49. Rd3+ Ke6 50. Kg2 Ke5 51. Kf3 Bh6 52. Rd5+ Ke6
53. Ke2 1-0

[Event "Trois-Rivieres op"]
[Site "Trois-Rivieres CAN"]
[Date "2018.03.17"]
[Round "2.14"]
[White "Nicula, Marius"]
[Black "Trottier, Yves"]
[Result "1/2-1/2"]
[WhiteElo "2187"]
[BlackElo "1861"]
[PlyCount "98"]
[EventDate "2018.03.16"]
[EventType "swiss"]
[EventRounds "5"]
[EventCountry "CAN"]

1. Nf3 d5 2. g3 Nf6 3. Bg2 e6 4. c4 Be7 5. d4 O-O 6. O-O b6 7. Nc3 Bb7 8. Ne5
Nbd7 9. Qa4 Nxe5 10. dxe5 Ne4 11. Nxe4 dxe4 12. Rd1 Qe8 13. Qc2 Rd8 14. Rxd8
Qxd8 15. Be3 Qa8 16. c5 Bd5 17. Rc1 Rb8 18. c6 Rd8 19. Bxe4 Bxe4 20. Qxe4 Rd5
21. Bd4 Qf8 22. Kg2 Bc5 23. Bxc5 bxc5 24. Qa4 Qb8 25. Qa6 Rd8 26. Qb7 Qxb7 27.
cxb7 Rb8 28. Rxc5 Rxb7 29. b3 Kf8 30. Kf3 Ke7 31. Ke4 Kd7 32. Kd4 Rb4+ 33. Rc4
Rb5 34. e4 Kc8 35. f4 Kb7 36. b4 a5 37. a3 c6 38. Rc5 axb4 39. Rxb5+ cxb5 40.
axb4 Kb6 41. g4 h6 42. h4 g6 43. Ke3 Kc7 44. h5 gxh5 45. Kf3 Kd7 46. f5 Ke7 47.
f6+ Ke8 48. Kg3 Kf8 49. gxh5 Ke8 1/2-1/2

[Event "Trois-Rivieres op"]
[Site "Trois-Rivieres CAN"]
[Date "2018.03.17"]
[Round "2.16"]
[White "Beaulieu, Eric"]
[Black "Johnson-Constantin, Matthieu"]
[Result "1-0"]
[WhiteElo "2307"]
[BlackElo "2024"]
[PlyCount "69"]
[EventDate "2018.03.16"]
[EventType "swiss"]
[EventRounds "5"]
[EventCountry "CAN"]

1. d4 Nf6 2. Nf3 g6 3. c4 d5 4. cxd5 Nxd5 5. g3 Bg7 6. Bg2 Nb6 7. Nc3 Nc6 8. e3
Be6 9. Ng5 Bd7 10. Nge4 O-O 11. Nc5 Qc8 12. O-O Rb8 13. Nxd7 Qxd7 14. b3 Rfd8
15. Ba3 a5 16. Ne4 Nd5 17. Nc5 Qc8 18. Qd2 b6 19. Nd3 e5 20. e4 Ndb4 21. d5
Nxd3 22. Qxd3 Nd4 23. Rac1 Qd7 24. Bb2 Nb5 25. a4 Nd6 26. f4 Re8 27. f5 gxf5
28. exf5 e4 29. Qe2 Bxb2 30. Qxb2 b5 31. Rf4 Kf8 32. Qf6 Rb6 33. Qh6+ Ke7 34.
f6+ Kd8 35. Bh3 1-0

[Event "Trois-Rivieres op"]
[Site "Trois-Rivieres CAN"]
[Date "2018.03.17"]
[Round "2.17"]
[White "Marin, Sam"]
[Black "Mendoza, Armand Jess"]
[Result "0-1"]
[WhiteElo "2260"]
[BlackElo "1914"]
[PlyCount "100"]
[EventDate "2018.03.16"]
[EventType "swiss"]
[EventRounds "5"]
[EventCountry "CAN"]

1. c4 e5 2. Nc3 Nf6 3. Nf3 d6 4. g3 g6 5. Bg2 Bg7 6. d4 Qe7 7. e4 c6 8. O-O O-O
9. h3 Qc7 10. Be3 Re8 11. d5 c5 12. Ne1 Bd7 13. Nb5 Bxb5 14. cxb5 a6 15. a4
Nbd7 16. Nc2 axb5 17. axb5 Ra5 18. Rxa5 Qxa5 19. Qd3 Ra8 20. b4 Qb6 21. Ra1
Rxa1+ 22. Nxa1 Qa7 23. Nb3 b6 24. bxc5 dxc5 25. Nd2 Qa4 26. Nc4 Ne8 27. h4 Qxb5
28. Nxe5 Qxd3 29. Nxd3 c4 30. Nb4 Bf8 31. Nc2 b5 32. Bf1 Nc5 33. e5 Nd3 34.
Bxd3 cxd3 35. d6 Nxd6 36. Nb4 Nc4 37. Nxd3 Nxe3 38. fxe3 b4 39. Kf2 b3 40. Ke2
Bb4 41. Kd1 Bc3 42. g4 Kf8 43. Nc5 b2 44. Kc2 Ke7 45. Nd3 Ke6 46. Nxb2 Bxb2 47.
Kxb2 Kxe5 48. Kc3 Ke4 49. Kd2 Kf3 50. h5 g5 0-1

[Event "Trois-Rivieres op"]
[Site "Trois-Rivieres CAN"]
[Date "2018.03.17"]
[Round "2.18"]
[White "Marcone, Malcom"]
[Black "Saha, Ananda"]
[Result "1-0"]
[WhiteElo "2019"]
[BlackElo "2149"]
[PlyCount "101"]
[EventDate "2018.03.16"]
[EventType "swiss"]
[EventRounds "5"]
[EventCountry "CAN"]

1. d4 Nf6 2. Nf3 g6 3. c4 Bg7 4. Nc3 d6 5. e4 O-O 6. Be2 c5 7. O-O cxd4 8. Nxd4
Nc6 9. Nc2 b6 10. Bg5 Bb7 11. Qd2 Rc8 12. f3 Ne5 13. Ne3 h6 14. Bh4 g5 15. Bf2
a6 16. Rac1 g4 17. Ncd5 Bxd5 18. cxd5 Rxc1 19. Rxc1 e6 20. dxe6 fxe6 21. Nc4
gxf3 22. gxf3 Nh5 23. Nxe5 dxe5 24. Qxd8 Rxd8 25. Be3 Nf4 26. Bxa6 Kh7 27. Kf1
Ra8 28. Bc4 b5 29. Bb3 Ra6 30. a3 Rd6 31. Rd1 Rc6 32. Rd7 Kg6 33. Rb7 Rd6 34.
Rxb5 Rd3 35. Kf2 Bf6 36. Bxf4 exf4 37. e5 Bh4+ 38. Kg2 Rd2+ 39. Kh3 Bf2 40.
Bxe6 h5 41. Rb8 Bd4 42. Rg8+ Kh6 43. Bf5 h4 44. Rg6+ Kh5 45. Rd6 Kg5 46. Be4
Be3 47. Rxd2 Bxd2 48. b4 Bc3 49. e6 Kf6 50. Bd5 Be1 51. Kg4 1-0

[Event "Trois-Rivieres op"]
[Site "Trois-Rivieres CAN"]
[Date "2018.03.17"]
[Round "2.19"]
[White "Bernatchez, Dan"]
[Black "Durette, Francis"]
[Result "1-0"]
[WhiteElo "1905"]
[BlackElo "2128"]
[PlyCount "45"]
[EventDate "2018.03.16"]
[EventType "swiss"]
[EventRounds "5"]
[EventCountry "CAN"]

1. d4 Nf6 2. c4 g6 3. f3 d6 4. e4 Bg7 5. Be3 Nc6 6. Nc3 a5 7. Qd2 Bd7 8. O-O-O
b6 9. Bh6 Bxh6 10. Qxh6 e5 11. Nge2 Qe7 12. Nd5 Nxd5 13. cxd5 Na7 14. dxe5 dxe5
15. Nc3 b5 16. d6 cxd6 17. Nd5 Rc8+ 18. Kb1 Qf8 19. Nf6+ Ke7 20. Qh4 Kd8 21.
Qf2 Rc5 22. Nxd7 Kxd7 23. Qxc5 1-0

[Event "Trois-Rivieres op"]
[Site "Trois-Rivieres CAN"]
[Date "2018.03.17"]
[Round "2.20"]
[White "Tanaka, Tyler"]
[Black "Wilkin, Alain"]
[Result "0-1"]
[WhiteElo "2118"]
[BlackElo "1903"]
[PlyCount "122"]
[EventDate "2018.03.16"]
[EventType "swiss"]
[EventRounds "5"]
[EventCountry "CAN"]

1. e4 b6 2. d4 Bb7 3. Bd3 e6 4. Nf3 d6 5. O-O Nd7 6. c4 g6 7. Nc3 Bg7 8. Re1
Ne7 9. Be3 O-O 10. Qb3 Rb8 11. Rad1 a6 12. a4 c5 13. Bf1 Qc7 14. Qc2 cxd4 15.
Nxd4 Ne5 16. Rc1 Ng4 17. Qe2 Nxe3 18. Qxe3 Qc5 19. Red1 Nc6 20. Nxc6 Qxc6 21.
b3 Rfd8 22. f3 Qc5 23. Qxc5 bxc5 24. Ne2 Bc6 25. Rd3 Kf8 26. Rcd1 Ke7 27. Kf2
h5 28. Ke3 Bh6+ 29. f4 f5 30. exf5 gxf5 31. Kd2 d5 32. cxd5 Bxd5 33. Ke3 Rb4
34. g3 Rdb8 35. Nc1 Bg7 36. R3d2 Bd4+ 37. Ke2 Bxb3 38. Nxb3 Rxb3 39. Bg2 R8b4
40. Bc6 Rb6 41. Bg2 Re3+ 42. Kf1 Ra3 43. Ke2 Kf6 44. Rd3 Rxa4 45. Bf3 Kg6 46.
R1d2 a5 47. Rc2 Ra1 48. Rd1 Rxd1 49. Kxd1 a4 50. Be2 a3 51. Bc4 Kf6 52. Re2
Rb1+ 53. Kc2 Rb2+ 54. Kd3 Rxe2 55. Kxe2 e5 56. h3 e4 57. Ba2 Ke7 58. Bb3 Kd6
59. Bc4 Kc6 60. Be6 Kb5 61. Kd2 c4 0-1

[Event "Trois-Rivieres op"]
[Site "Trois-Rivieres CAN"]
[Date "2018.03.17"]
[Round "2.21"]
[White "Paradis, Sylvain"]
[Black "Papineau (Granby), Daniel"]
[Result "0-1"]
[WhiteElo "1882"]
[BlackElo "2078"]
[PlyCount "104"]
[EventDate "2018.03.16"]
[EventType "swiss"]
[EventRounds "5"]
[EventCountry "CAN"]

1. e4 g6 2. Nc3 Bg7 3. d4 c6 4. Nf3 d6 5. Bg5 Bg4 6. Be2 Qb6 7. Na4 Qa5+ 8. Nc3
Bxf3 9. Bxf3 Qxg5 10. O-O e5 11. d5 Qe7 12. Qd3 Nf6 13. Rfd1 c5 14. a3 O-O 15.
b4 Nbd7 16. Rab1 Rfc8 17. b5 Qd8 18. a4 Bh6 19. Qc4 Qa5 20. Ra1 Qb4 21. Qb3
Qxb3 22. cxb3 a5 23. Be2 Nb6 24. Bc4 Kg7 25. Rd3 Nfd7 26. Nd1 Nf6 27. f3 Nfd7
28. Nb2 f5 29. Re1 Rf8 30. Rdd1 Rf7 31. Bd3 Rc8 32. Nc4 Nxc4 33. Bxc4 fxe4 34.
Rxe4 b6 35. Be2 Nf6 36. Rc4 Be3+ 37. Kh1 Bd4 38. Rc2 Nh5 39. Bd3 Nf4 40. Be4 g5
41. h3 Rcf8 42. Kh2 h5 43. Kg3 Kf6 44. Kh2 h4 45. Rb1 Nh5 46. Re1 Ng3 47. Bd3
Kg7 48. Ra2 Rf4 49. Rc2 R8f7 50. Be4 R7f6 51. Ra2 Bc3 52. Re3 Nf1+ 0-1

[Event "Trois-Rivieres op"]
[Site "Trois-Rivieres CAN"]
[Date "2018.03.17"]
[Round "2.22"]
[White "Libersan, Thierry"]
[Black "Dube, Daniel"]
[Result "1-0"]
[WhiteElo "2058"]
[BlackElo "1871"]
[PlyCount "67"]
[EventDate "2018.03.16"]
[EventType "swiss"]
[EventRounds "5"]
[EventCountry "CAN"]

1. d4 d5 2. Bf4 e6 3. e3 Bd6 4. Bg3 Ne7 5. Nf3 Ng6 6. c4 f5 7. c5 Bxg3 8. hxg3
O-O 9. Nc3 c6 10. Nd2 Nd7 11. f4 Nf6 12. Be2 Bd7 13. Rb1 b5 14. b4 a5 15. a4
axb4 16. Rxb4 bxa4 17. Nxa4 Qa5 18. Qb3 Rfd8 19. O-O Qc7 20. Nb6 Rab8 21. Ra1
Be8 22. Ra6 Nf8 23. Qa4 Qf7 24. Kf2 Qg6 25. Qd1 Ne4+ 26. Nxe4 fxe4 27. Ra7 Nd7
28. Rb1 Nf6 29. Qh1 Ng4+ 30. Bxg4 Qxg4 31. Qh4 Qg6 32. Rba1 Bf7 33. Kg1 Rf8 34.
Nd7 1-0

[Event "Trois-Rivieres op"]
[Site "Trois-Rivieres CAN"]
[Date "2018.03.17"]
[Round "2.23"]
[White "Dumouchel, Alain"]
[Black "Leger, Maxime"]
[Result "0-1"]
[WhiteElo "1863"]
[BlackElo "2046"]
[PlyCount "64"]
[EventDate "2018.03.16"]
[EventType "swiss"]
[EventRounds "5"]
[EventCountry "CAN"]

1. d4 g6 2. e4 Bg7 3. Nc3 d5 4. exd5 Nf6 5. Bb5+ Nbd7 6. Nf3 O-O 7. Bg5 Nb6 8.
h3 Nbxd5 9. Nxd5 Nxd5 10. O-O c6 11. Bd3 Qd6 12. Re1 Be6 13. Qd2 f6 14. Bh6 Bf7
15. Re4 g5 16. Bxg5 fxg5 17. Nxg5 Bg6 18. Rg4 Rf4 19. Bxg6 hxg6 20. Rxf4 Qxf4
21. Qxf4 Nxf4 22. c3 Bf6 23. Ne4 Kf7 24. a4 a5 25. Kh2 b6 26. Ra3 Rb8 27. Rb3
Nd3 28. Nc5 Nxc5 29. dxc5 b5 30. f4 Ke6 31. axb5 Rxb5 32. Rxb5 cxb5 0-1

[Event "Trois-Rivieres op"]
[Site "Trois-Rivieres CAN"]
[Date "2018.03.17"]
[Round "3.2"]
[White "Sambuev, Bator"]
[Black "Dukic, Zachary"]
[Result "1/2-1/2"]
[WhiteElo "2518"]
[BlackElo "2254"]
[PlyCount "102"]
[EventDate "2018.03.16"]
[EventType "swiss"]
[EventRounds "5"]
[EventCountry "CAN"]

1. Nf3 Nf6 2. c4 g6 3. Nc3 Bg7 4. e4 d6 5. d4 O-O 6. Be2 e5 7. O-O Nc6 8. d5
Ne7 9. Ne1 Nd7 10. Be3 f5 11. f3 f4 12. Bf2 g5 13. Rc1 Ng6 14. c5 Nxc5 15. b4
Na6 16. Nd3 h5 17. Nb5 Bd7 18. a4 Rf7 19. Nxa7 Bf8 20. Nb5 Rg7 21. h3 Nh8 22.
Be1 Nf7 23. Nf2 Nh6 24. Rc3 Be7 25. Qc1 Rc8 26. Na7 Ra8 27. Bxa6 Rxa7 28. Bb5
Bxb5 29. axb5 b6 30. Ra3 Rxa3 31. Qxa3 Qe8 32. Bd2 g4 33. fxg4 Bh4 34. gxh5
Qxh5 35. Ng4 Nxg4 36. hxg4 Qxg4 37. Qf3 Qxf3 38. Rxf3 Bg3 39. Ra3 Kf8 40. Ra1
Ke7 41. Kf1 Kd7 42. Rc1 Rg8 43. Ra1 Rg6 44. Rc1 Rg7 45. Rb1 Rh7 46. Ke2 Rh8 47.
Ra1 Rg8 48. Kf1 Bh4 49. Ra3 Rg7 50. Rh3 Rg4 51. Rb3 Bg3 1/2-1/2

[Event "Trois-Rivieres op"]
[Site "Trois-Rivieres CAN"]
[Date "2018.03.17"]
[Round "3.5"]
[White "Turcotte, Jonathan"]
[Black "Tomb, Maroun"]
[Result "0-1"]
[WhiteElo "1953"]
[BlackElo "2323"]
[PlyCount "70"]
[EventDate "2018.03.16"]
[EventType "swiss"]
[EventRounds "5"]
[EventCountry "CAN"]

1. d4 d6 2. Nf3 Nf6 3. c4 Nbd7 4. Nc3 e5 5. e4 Be7 6. Be2 O-O 7. O-O c6 8. Qc2
a5 9. Rd1 Qc7 10. b3 Re8 11. Bb2 Bf8 12. d5 Nc5 13. h3 cxd5 14. Nxd5 Nxd5 15.
cxd5 Bd7 16. Rac1 Rec8 17. Nd2 Qd8 18. Qb1 g6 19. Rc3 b5 20. Nf1 Bh6 21. Bc1
Bxc1 22. Rdxc1 Qh4 23. Nd2 Rf8 24. Rxc5 dxc5 25. Rxc5 Qe7 26. Rxb5 Bxb5 27.
Bxb5 Qb4 28. Qd3 Rac8 29. a4 Rc1+ 30. Nf1 Rc3 31. Qd1 Qxe4 32. d6 Qd4 33. Qxd4
exd4 34. Nd2 Rd8 35. d7 Kf8 0-1

[Event "Trois-Rivieres op"]
[Site "Trois-Rivieres CAN"]
[Date "2018.03.17"]
[Round "3.7"]
[White "Chabot, Roland"]
[Black "Latreche, Sabrina"]
[Result "1/2-1/2"]
[WhiteElo "2150"]
[BlackElo "2004"]
[PlyCount "30"]
[EventDate "2018.03.16"]
[EventType "swiss"]
[EventRounds "5"]
[EventCountry "CAN"]

1. c4 e5 2. Nc3 Nf6 3. Nf3 Nc6 4. e3 d6 5. d4 exd4 6. Nxd4 Nxd4 7. Qxd4 Be7 8.
Be2 O-O 9. O-O Nd7 10. Nd5 Bf6 11. Nxf6+ Qxf6 12. Rd1 Re8 13. b3 Qxd4 14. Rxd4
Ne5 15. Bb2 Bf5 1/2-1/2

[Event "Trois-Rivieres op"]
[Site "Trois-Rivieres CAN"]
[Date "2018.03.17"]
[Round "3.9"]
[White "Saine, Zachary"]
[Black "Voloaca, Mihnea"]
[Result "1-0"]
[WhiteElo "1990"]
[BlackElo "2341"]
[PlyCount "153"]
[EventDate "2018.03.16"]
[EventType "swiss"]
[EventRounds "5"]
[EventCountry "CAN"]

1. e4 c5 2. Nf3 e6 3. d4 cxd4 4. Nxd4 Qb6 5. Nb3 Qc7 6. Be3 Nf6 7. Bd3 d5 8.
N1d2 Bd6 9. h3 O-O 10. O-O dxe4 11. Nxe4 Nxe4 12. Bxe4 f5 13. Bf3 Rd8 14. Qe2
e5 15. Bd5+ Kh8 16. c4 Nd7 17. Rac1 Nf6 18. Bg5 Be7 19. Rfe1 h6 20. Bf4 Nd7 21.
Bxe5 Nxe5 22. Qxe5 Qxe5 23. Rxe5 Bf6 24. Re2 Rb8 25. Na5 Kh7 26. Rce1 Rd6 27.
a3 b5 28. Re8 bxc4 29. Bg8+ Kg6 30. Nxc4 Rc6 31. b4 Rb5 32. f4 Bd4+ 33. Kh2 a5
34. Rf8 Bb7 35. Bf7+ Kh7 36. Be8 axb4 37. Bxc6 Bxc6 38. axb4 Rxb4 39. Rc1 Bb5
40. Rc8 Ba6 41. Rc7 Bb7 42. Rd1 Bf6 43. Nd6 Be4 44. Rc4 Rxc4 45. Nxc4 h5 46.
Nd6 Bc2 47. Rd2 Bb1 48. Rd5 Kg6 49. g3 Be7 50. Nc8 Bf6 51. Rb5 Bd3 52. Rb6 Kh7
53. Na7 Be4 54. Nc6 Bc3 55. Kg1 h4 56. Kf2 hxg3+ 57. Kxg3 Be1+ 58. Kh2 Bd2 59.
Kg3 Be1+ 60. Kh2 Bd2 61. Kg3 g5 62. fxg5 f4+ 63. Kg4 f3 64. Ne5 f2 65. Rf6 Be1
66. h4 Bc2 67. Kh3 Be4 68. Ng4 Bd3 69. Nxf2 Bf1+ 70. Kg3 Kg7 71. h5 Bc3 72. h6+
Kh7 73. Rc6 Be5+ 74. Kh4 Bg2 75. Re6 Bc3 76. Kh5 Bf3+ 77. Ng4 1-0

[Event "Trois-Rivieres op"]
[Site "Trois-Rivieres CAN"]
[Date "2018.03.17"]
[Round "3.10"]
[White "Leger, Maxime"]
[Black "Beaulieu, Eric"]
[Result "1-0"]
[WhiteElo "2046"]
[BlackElo "2307"]
[PlyCount "145"]
[EventDate "2018.03.16"]
[EventType "swiss"]
[EventRounds "5"]
[EventCountry "CAN"]

1. e4 e5 2. Nf3 Nc6 3. Bc4 Bc5 4. b4 Bxb4 5. c3 Ba5 6. d4 exd4 7. O-O Nge7 8.
Ng5 d5 9. exd5 Ne5 10. Qxd4 f6 11. Bb3 Bb6 12. Qe4 Bf5 13. Qa4+ Bd7 14. Qf4 Bf5
15. Qa4+ Qd7 16. Qxd7+ Bxd7 17. Ne4 Bb5 18. Rd1 Bd3 19. Ng3 O-O-O 20. Bf4 N7g6
21. Bxe5 Nxe5 22. Rd2 h5 23. h3 g5 24. Ne2 Bxe2 25. Rxe2 g4 26. Kf1 gxh3 27.
gxh3 Nd3 28. Re6 Nxf2 29. Rxb6 axb6 30. Kxf2 h4 31. Nd2 c6 32. Nf3 Kc7 33. Nd4
Rd7 34. c4 Rh5 35. Rc1 Kd6 36. Rd1 Rg7 37. dxc6 Ke5 38. cxb7 Rxb7 39. Nc6+ Kf4
40. Rd4+ Kg5 41. Bd1 Rh8 42. Rg4+ Kh6 43. Rxh4+ Kg7 44. Rxh8 Kxh8 45. Ba4 Rd7
46. Kf3 Rd3+ 47. Kg4 Kg7 48. Bb3 Rd6 49. Ne7 Rd4+ 50. Kh5 Rf4 51. Nd5 Rf1 52.
Nxb6 f5 53. Kg5 f4 54. Kg4 Kf6 55. c5 Rc1 56. Nc4 Rc3 57. Kxf4 Rxh3 58. Ke4 Rh5
59. Kd4 Ke7 60. a4 Kd8 61. Bc2 Kc7 62. Be4 Rh2 63. a5 Ra2 64. Kc3 Ra1 65. Kb4
Re1 66. Bc2 Rc1 67. Bb3 Ra1 68. Na3 Kc6 69. Ba4+ Kb7 70. Bb5 Rc1 71. Bd7 Rg1
72. c6+ Kb8 73. Nb5 1-0

[Event "Trois-Rivieres op"]
[Site "Trois-Rivieres CAN"]
[Date "2018.03.17"]
[Round "3.11"]
[White "Mendoza, Armand Jess"]
[Black "Huang, Qiuyu"]
[Result "0-1"]
[WhiteElo "1914"]
[BlackElo "2267"]
[PlyCount "52"]
[EventDate "2018.03.16"]
[EventType "swiss"]
[EventRounds "5"]
[EventCountry "CAN"]

1. e4 c5 2. Nf3 Nc6 3. g3 g6 4. Bg2 Bg7 5. O-O d6 6. c3 e5 7. d3 Nge7 8. a4 O-O
9. Na3 h6 10. Ne1 Be6 11. Nc4 f5 12. Ne3 f4 13. Nd5 g5 14. Bf3 Qd7 15. g4 h5
16. h3 Kf7 17. Nc2 Rh8 18. Bd2 hxg4 19. Bxg4 Rxh3 20. Bxe6+ Qxe6 21. f3 Rah8
22. Ne1 Rh1+ 23. Kf2 R8h2+ 24. Ng2 Rxg2+ 25. Kxg2 Qh3+ 26. Kf2 Qg3+ 0-1

[Event "Trois-Rivieres op"]
[Site "Trois-Rivieres CAN"]
[Date "2018.03.17"]
[Round "3.12"]
[White "Poulin, Mathieu"]
[Black "Libersan, Thierry"]
[Result "1-0"]
[WhiteElo "2248"]
[BlackElo "2058"]
[PlyCount "89"]
[EventDate "2018.03.16"]
[EventType "swiss"]
[EventRounds "5"]
[EventCountry "CAN"]

1. d4 Nf6 2. c4 g6 3. Nc3 Bg7 4. e4 d6 5. f3 O-O 6. Be3 Nc6 7. Nge2 a6 8. Qd2
Rb8 9. d5 Ne5 10. Nd4 c5 11. Nc2 e6 12. a4 exd5 13. cxd5 b6 14. Be2 Ne8 15. O-O
Nc7 16. Bg5 f6 17. Bh4 Bd7 18. f4 Nf7 19. Bf2 Re8 20. Bf3 Bh6 21. Be3 Bg7 22.
Rae1 b5 23. axb5 Nxb5 24. b4 Nxc3 25. Qxc3 f5 26. e5 cxb4 27. Nxb4 dxe5 28.
fxe5 Nxe5 29. Bd4 Nxf3+ 30. gxf3 Bxd4+ 31. Qxd4 Qb6 32. Nc2 Kf7 33. f4 Bb5 34.
Rxe8 Qxd4+ 35. Nxd4 Rxe8 36. Rc1 Re7 37. Rc5 Re4 38. Rc7+ Ke8 39. Ne6 Bd7 40.
Nc5 Re7 41. d6 Rf7 42. Ra7 Bc8 43. Ra8 Kd8 44. Kf2 h6 45. h4 1-0

[Event "Trois-Rivieres op"]
[Site "Trois-Rivieres CAN"]
[Date "2018.03.17"]
[Round "3.13"]
[White "Zheng, Richard"]
[Black "Marcone, Malcom"]
[Result "1-0"]
[WhiteElo "2217"]
[BlackElo "2019"]
[PlyCount "65"]
[EventDate "2018.03.16"]
[EventType "swiss"]
[EventRounds "5"]
[EventCountry "CAN"]

1. d4 e6 2. c4 b6 3. Nc3 Bb4 4. Qc2 Bb7 5. e4 Qh4 6. Bd3 f5 7. g3 Bxc3+ 8. bxc3
Qh5 9. f3 Ne7 10. d5 fxe4 11. fxe4 exd5 12. cxd5 Nxd5 13. Ne2 Nf6 14. Bf4 Qc5
15. O-O-O g5 16. Bd2 Nc6 17. Rhf1 Rf8 18. Rf5 Qa3+ 19. Kb1 h6 20. h4 Ne7 21.
Bc1 Nxf5 22. Bxa3 Ne3 23. Qd2 Nxd1 24. Bxf8 Nf2 25. Bg7 N6xe4 26. Bxe4 Nxe4 27.
Qd4 O-O-O 28. Bxh6 gxh4 29. gxh4 Re8 30. Bf4 Ba6 31. Qd5 Bb7 32. Qf7 Kd8 33.
Bxc7+ 1-0

[Event "Trois-Rivieres op"]
[Site "Trois-Rivieres CAN"]
[Date "2018.03.17"]
[Round "3.14"]
[White "Lafleche, Alain"]
[Black "Nicula, Marius"]
[Result "0-1"]
[WhiteElo "1691"]
[BlackElo "2187"]
[PlyCount "93"]
[EventDate "2018.03.16"]
[EventType "swiss"]
[EventRounds "5"]
[EventCountry "CAN"]

1. e4 e6 2. d4 d5 3. exd5 exd5 4. Be3 Nc6 5. a3 Bf5 6. Nc3 Nf6 7. f3 h5 8. Qd2
a6 9. Nge2 Qd7 10. Nc1 Bd6 11. Nd3 Bxd3 12. Bxd3 Ne7 13. O-O-O b5 14. Na2 a5
15. c3 c6 16. Rhe1 Kd8 17. Bf4 Kc7 18. Kb1 Nc8 19. h3 Nb6 20. b3 Kb7 21. Kb2
Rhe8 22. g4 Qc7 23. Bxd6 Qxd6 24. g5 Nfd7 25. f4 Nf8 26. Re3 Rxe3 27. Qxe3 Ne6
28. Rf1 Nc7 29. Qe5 Qf8 30. g6 fxg6 31. Bxg6 a4 32. Bd3 axb3 33. Nb4 Nc4+ 34.
Bxc4 bxc4 35. Qxh5 Re8 36. f5 Qd6 37. Rf2 Qg3 38. Rd2 Re1 39. Re2 Rxe2+ 40.
Qxe2 Qg5 41. Qf2 Nb5 42. a4 Nxc3 43. Kxc3 Qc1+ 44. Nc2 b2 45. Qh4 b1=Q 46. Qe7+
Ka6 47. Qc7 0-1

[Event "Trois-Rivieres op"]
[Site "Trois-Rivieres CAN"]
[Date "2018.03.17"]
[Round "3.15"]
[White "Papineau (Granby), Daniel"]
[Black "Mahdjoubi, Abdelaziz"]
[Result "1-0"]
[WhiteElo "2078"]
[BlackElo "1854"]
[PlyCount "101"]
[EventDate "2018.03.16"]
[EventType "swiss"]
[EventRounds "5"]
[EventCountry "CAN"]

1. d4 Nf6 2. c4 e5 3. dxe5 Ng4 4. Nf3 Bc5 5. e3 Nc6 6. a3 a5 7. Be2 Ngxe5 8.
Nbd2 a4 9. O-O O-O 10. Ne4 Be7 11. Bd2 Nxf3+ 12. Bxf3 Ne5 13. Bc3 Nxf3+ 14.
Qxf3 f5 15. Ng3 d6 16. Qd5+ Kh8 17. Nh5 Rg8 18. Rad1 c6 19. Qd4 Qe8 20. Qf4 Qf7
21. Qh6 Qg6 22. Qxg6 hxg6 23. Nf4 Kh7 24. Rfe1 g5 25. Nd3 Be6 26. e4 f4 27. e5
Bxc4 28. exd6 Bxd6 29. Ne5 Bxe5 30. Rxe5 Kh6 31. Rd6+ g6 32. h4 gxh4 33. Bd2
Raf8 34. g3 Kh7 35. Bxf4 Rxf4 36. gxf4 Rg7 37. Kh2 Bd5 38. Rg5 Be4 39. Rg4 Re7
40. Rxh4+ Kg7 41. Rh3 Bf5 42. Re3 Rc7 43. Rd4 b5 44. Rc3 Kf7 45. Rd6 Be4 46. f3
Ke7 47. Rd4 Bf5 48. Re3+ Kf7 49. Kg3 Re7 50. Re5 Rd7 51. Rxf5+ 1-0

[Event "Trois-Rivieres op"]
[Site "Trois-Rivieres CAN"]
[Date "2018.03.17"]
[Round "3.16"]
[White "Trottier, Yves"]
[Black "Masse, Hugues"]
[Result "1/2-1/2"]
[WhiteElo "1861"]
[BlackElo "2223"]
[PlyCount "34"]
[EventDate "2018.03.16"]
[EventType "swiss"]
[EventRounds "5"]
[EventCountry "CAN"]

1. e4 e5 2. d4 exd4 3. Nf3 Nc6 4. Bc4 Bc5 5. Ng5 Nh6 6. Bxf7+ Nxf7 7. Nxf7 Kxf7
8. Qh5+ g6 9. Qxc5 d6 10. Qb5 Re8 11. O-O Rxe4 12. Qd5+ Re6 13. Bg5 Qe8 14. c3
dxc3 15. Nxc3 Kg7 16. Qd2 Qf7 17. Nd5 Kg8 1/2-1/2

[Event "Trois-Rivieres op"]
[Site "Trois-Rivieres CAN"]
[Date "2018.03.17"]
[Round "3.17"]
[White "Wilkin, Alain"]
[Black "Zhong, Kevin"]
[Result "1/2-1/2"]
[WhiteElo "1903"]
[BlackElo "2083"]
[PlyCount "35"]
[EventDate "2018.03.16"]
[EventType "swiss"]
[EventRounds "5"]
[EventCountry "CAN"]

1. Nf3 d5 2. d4 c5 3. e3 Nc6 4. b3 Nf6 5. Bb2 e6 6. a3 b6 7. Nbd2 Bb7 8. Bd3
Bd6 9. O-O O-O 10. Ne5 Qc7 11. f4 Ne7 12. g4 Ne4 13. Bxe4 dxe4 14. Nec4 f5 15.
Nxd6 Qxd6 16. Nc4 Qc7 17. Ne5 fxg4 18. dxc5 1/2-1/2

[Event "Trois-Rivieres op"]
[Site "Trois-Rivieres CAN"]
[Date "2018.03.17"]
[Round "3.18"]
[White "Soudre, Nicolas"]
[Black "Li, Sherry"]
[Result "1-0"]
[WhiteElo "2258"]
[BlackElo "2036"]
[PlyCount "113"]
[EventDate "2018.03.16"]
[EventType "swiss"]
[EventRounds "5"]
[EventCountry "CAN"]

1. e4 c5 2. Nc3 e6 3. f4 Nc6 4. Nf3 d6 5. Bb5 Nge7 6. O-O a6 7. Bxc6+ Nxc6 8.
d3 Be7 9. Qe1 Bf6 10. Kh1 Qc7 11. Ne2 O-O 12. c3 d5 13. e5 Be7 14. Be3 Bd7 15.
a3 a5 16. g4 g6 17. d4 cxd4 18. cxd4 Qb6 19. Rb1 a4 20. Ng3 Qa5 21. Qf2 f6 22.
exf6 Bxf6 23. h4 Bg7 24. h5 e5 25. fxe5 Bxg4 26. Qg2 Qd8 27. Ng5 Rxf1+ 28. Rxf1
Bh6 29. Rf6 Bxg5 30. Bxg5 Nxd4 31. hxg6 Bf3 32. Rxf3 Qxg5 33. gxh7+ Kh8 34. Rd3
Rf8 35. Rxd4 Qh6+ 36. Qh2 Qc1+ 37. Qg1 Qh6+ 38. Kg2 Qc6 39. Qe3 Qe6 40. Rf4 Rc8
41. Rf2 Qg6 42. Qf4 Rc2 43. Qf6+ Qxf6 44. exf6 Rc8 45. f7 Rf8 46. Kf1 b5 47.
Ke2 d4 48. Kd3 b4 49. axb4 a3 50. bxa3 Rxf7 51. Rf5 Ra7 52. Ra5 Rc7 53. Kxd4
Ra7 54. Ne4 Rf7 55. Kc4 Ra7 56. Nc5 Rc7 57. Ra8+ 1-0

[Event "Trois-Rivieres op"]
[Site "Trois-Rivieres CAN"]
[Date "2018.03.17"]
[Round "3.19"]
[White "Saha, Ananda"]
[Black "Paradis, Sylvain"]
[Result "1-0"]
[WhiteElo "2149"]
[BlackElo "1882"]
[PlyCount "57"]
[EventDate "2018.03.16"]
[EventType "swiss"]
[EventRounds "5"]
[EventCountry "CAN"]

1. d4 d5 2. c4 e6 3. Nc3 Nf6 4. cxd5 exd5 5. Bg5 Be7 6. e3 h6 7. Bh4 O-O 8. Bd3
Be6 9. Qc2 Nbd7 10. Nge2 c6 11. O-O Kh8 12. f3 Ng8 13. Bf2 Nb6 14. e4 Qd7 15.
e5 f5 16. Nf4 Bg5 17. Ng6+ Kh7 18. Nxf8+ Rxf8 19. Ne2 Kh8 20. h4 Bd8 21. Nf4
Ne7 22. h5 Bg8 23. Rae1 Bh7 24. Bh4 g5 25. hxg6 Nxg6 26. Nxg6+ Bxg6 27. e6 Qg7
28. e7 Qxd4+ 29. Bf2 1-0